[Event "EU-ch Seniors 11th"]
[Site "Courmayeur"]
[Date "2011.04.09"]
[Round "4"]
[White "Pipitone, Antonio"]
[Black "Squarci, Franco"]
[Result "0-1"]
[WhiteElo "2012"]
[BlackElo "1777"]
[PlyCount "56"]
[EventDate "2011.04.06"]
[EventType "swiss"]
[EventRounds "9"]
[EventCountry "ITA"]
[SourceTitle "CBM 141 Extra"]
[Source "ChessBase"]
[SourceDate "2011.05.03"]
[SourceVersion "1"]
[SourceVersionDate "2011.05.03"]
[SourceQuality "1"]

1. e4 c5 2. Nf3 Nc6 3. d4 cxd4 4. Nxd4 g6 5. c4 Bg7 6. Be3 Nf6 7. Nc3 0-0 8. Be2 d6 9. h3 Bd7 10. 0-0 Rc8 11. f4 b6 12. Rc1 Nxd4 13. Bxd4 Bc6 14. Bf3 e6 15. b3 Re8 16. Be3 Rc7 17. Qd3 Rd7 18. Rcd1 Qa8 19. Rfe1 Red8 20. Bf2 Bh6 21. Bh4 Bg7 22. Qe3 Rc8 23. Rd3 Ne8 24. Red1 Qb8 25. a4 a6 26. e5 Bxf3 27. Qxf3 Qc7 28. Ne4 Qb7 0-1

[Event "EU-ch Seniors 11th"]
[Site "Courmayeur"]
[Date "2011.04.08"]
[Round "3"]
[White "Squarci, Franco"]
[Black "Gardi, Giuseppe"]
[Result "0-1"]
[WhiteElo "1777"]
[BlackElo "2061"]
[PlyCount "66"]
[EventDate "2011.04.06"]
[EventType "swiss"]
[EventRounds "9"]
[EventCountry "ITA"]
[SourceTitle "CBM 141 Extra"]
[Source "ChessBase"]
[SourceDate "2011.05.03"]
[SourceVersion "1"]
[SourceVersionDate "2011.05.03"]
[SourceQuality "1"]

1. Nf3 g6 2. d4 Bg7 3. e4 d6 4. Be2 Nf6 5. Nbd2 0-0 6. 0-0 Nc6 7. c3 e5 8. d5 Ne7 9. h3 Nh5 10. Nh2 Nf4 11. Ndf3 f5 12. Bxf4 exf4 13. Bd3 fxe4 14. Bxe4 Nf5 15. Qd2 Nh6 16. Rfe1 Qf6 17. Re2 Bd7 18. a4 Rae8 19. Ra3 Re7 20. c4 b6 21. b3 Rfe8 22. Bd3 Rxe2 23. Bxe2 Qb2 24. Ra2 Qb1+ 25. Nf1 Qxb3 26. Ng5 Be5 27. Ne6 Bc3 28. Qxf4 Qxa2 29. Qxh6 Qxe2 30. Qc1 Bb2 31. Qg5 Bxe6 32. dxe6 Qxe6 33. Ne3 Bc1 0-1

[Event "ITA-ch Seniors 32nd"]
[Site "Arvier"]
[Date "2010.04.22"]
[Round "5"]
[White "Chiapponi, Paola"]
[Black "Squarci, Franco"]
[Result "0-1"]
[WhiteElo "1735"]
[BlackElo "1795"]
[PlyCount "120"]
[EventDate "2010.04.18"]
[EventType "swiss"]
[EventRounds "9"]
[EventCountry "ITA"]
[SourceTitle "EXT 2024"]
[Source "ChessBase"]
[SourceDate "2023.10.10"]
[SourceVersion "1"]
[SourceVersionDate "2023.10.10"]
[SourceQuality "1"]

1. d4 Nf6 2. c4 c6 3. Nf3 e6 4. e3 d5 5. Nc3 Bd6 6. a3 Nbd7 7. Bd2 0-0 8. c5 Bb8 9. b4 e5 10. dxe5 Nxe5 11. Nxe5 Bxe5 12. Rc1 Re8 13. Be2 d4 14. exd4 Bxd4 15. 0-0 Bf5 16. Bf3 Qc7 17. Re1 Rad8 18. Rxe8+ Rxe8 19. Qb3 Be5 20. h3 Bf4 21. Bxf4 Qxf4 22. Qd1 Be6 23. Ne2 Qg5 24. Ng3 Bd5 25. Ra1 Qe5 26. Bxd5 Nxd5 27. Rc1 g6 28. Qf3 Qf4 29. Qxf4 Nxf4 30. Rc3 Re1+ 31. Kh2 Nd5 32. Rf3 f5 33. Nh1 f4 34. h4 Kg7 35. g3 Re4 36. Rd3 Kf6 37. g4 Ke5 38. Kg2 Rd4 39. Rb3 Ke4 40. f3+ Ke5 41. Kh3 Rd2 42. Ng3 fxg3 43. Kxg3 Kd4 44. f4 Nc3 45. f5 gxf5 46. gxf5 Kc4 47. Rxc3+ Kxc3 48. Kf4 Rd5 49. Kg5 a5 50. Kf6 axb4 51. axb4 Kxb4 52. Ke6 Kxc5 53. f6 Rd3 54. Ke7 Rf3 55. f7 b5 56. f8Q Rxf8 57. Kxf8 b4 58. Kg7 h5 59. Kg6 b3 60. Kxh5 b2 0-1

[Event "Asti Alfieri Memorial 3rd"]
[Site "Asti"]
[Date "2008.03.30"]
[Round "5"]
[White "Venturino, Federico"]
[Black "Squarci, Franco"]
[Result "1-0"]
[WhiteElo "1913"]
[BlackElo "1831"]
[PlyCount "163"]
[EventDate "2008.03.27"]
[EventType "swiss"]
[EventRounds "6"]
[EventCountry "ITA"]
[SourceTitle "EXT 2011"]
[Source "ChessBase"]
[SourceDate "2010.11.26"]
[SourceVersion "1"]
[SourceVersionDate "2010.11.26"]
[SourceQuality "1"]

1. e4 c5 2. Nf3 e6 3. d4 cxd4 4. Nxd4 Nc6 5. Nc3 Nf6 6. Ndb5 d6 7. Bf4 e5 8. Bg5 a6 9. Bxf6 gxf6 10. Na3 b5 11. Nd5 Be6 12. Ne3 h5 13. c3 Bh6 14. Nac2 h4 15. h3 Qd7 16. Qf3 Bg5 17. Bd3 Ne7 18. Nf5 Bxf5 19. exf5 d5 20. Qg4 e4 21. Be2 Qxf5 22. Qxf5 Nxf5 23. Rd1 Rd8 24. Nb4 d4 25. Bg4 Ne7 26. cxd4 a5 27. Na6 0-0 28. 0-0 f5 29. Be2 b4 30. b3 Nd5 31. f4 Bxf4 32. Nc5 Kh8 33. Na4 Rg8 34. Rde1 Rg3 35. Bc4 Rdg8 36. Re2 Be3+ 37. Kh1 Nc3 38. Nxc3 bxc3 39. Rxf5 Bxd4 40. Rh5+ Kg7 41. Rxh4 Kf8 42. Rhxe4 Bc5 43. Re5 R8g5 44. Rxg5 Rxg5 45. a4 Rf5 46. Rc2 Bd4 47. g4 Rf3 48. Kg2 Re3 49. h4 Re1 50. Kf3 f6 51. Kf4 Rg1 52. g5 Kg7 53. gxf6+ Bxf6 54. Ke4 Bxh4 55. Rxc3 Be7 56. Rf3 Bb4 57. Kd5 Rd1+ 58. Kc6 Rd6+ 59. Kb5 Rd7 60. Rf5 Rd6 61. Rf7+ Kg6 62. Ra7 Kf5 63. Rxa5 Bxa5 64. Kxa5 Ke5 65. Kb5 Kd4 66. a5 Rd8 67. a6 Rb8+ 68. Kc6 Rc8+ 69. Kb7 Rf8 70. a7 Rd8 71. a8Q Rxa8 72. Kxa8 Kc5 73. Kb7 Kb4 74. Kb6 Ka3 75. Ka5 Kb2 76. b4 Kc3 77. Bf1 Kd4 78. Ka6 Kd5 79. b5 Kd6 80. b6 Kd7 81. Ka7 Kc8 82. b7+ 1-0

[Event "Turin olympic op-B"]
[Site "Turin"]
[Date "2006.05.26"]
[Round "5"]
[White "Squarci, Franco"]
[Black "Picarella, Marco"]
[Result "1-0"]
[WhiteElo "1872"]
[BlackElo "1763"]
[PlyCount "97"]
[EventDate "2006.05.22"]
[EventType "swiss"]
[EventRounds "9"]
[EventCountry "ITA"]
[SourceTitle "EXT 2011"]
[Source "ChessBase"]
[SourceDate "2010.11.26"]
[SourceVersion "1"]
[SourceVersionDate "2010.11.26"]
[SourceQuality "1"]

1. d4 Nf6 2. Nf3 g6 3. Bg5 Bg7 4. Nbd2 d6 5. e3 b6 6. Bd3 Bb7 7. h4 Nc6 8. c3 Qd7 9. a4 Nh5 10. Qc2 f5 11. Bb5 a6 12. Be2 0-0-0 13. b4 h6 14. b5 hxg5 15. bxa6 Ba8 16. Bb5 d5 17. Nxg5 e5 18. a5 Bf6 19. a7 Qe7 20. axb6 cxb6 21. Bxc6 Bxc6 22. a8Q+ Bxa8 23. Rxa8+ Kb7 24. Rxd8 Rxd8 25. 0-0 e4 26. c4 Bxg5 27. hxg5 dxc4 28. Qxc4 f4 29. Rc1 Qd7 30. Nxe4 fxe3 31. fxe3 Ng7 32. Nf6 Qd6 33. Qf7+ Ka6 34. Qxg7 Qa3 35. Re1 Qc3 36. Re2 Qd3 37. Ra2+ Kb5 38. Rb2+ Ka6 39. Qe7 Rc8 40. Ra2+ Kb5 41. Qd7+ Rc6 42. Rb2+ Ka5 43. Ra2+ Kb4 44. Nd5+ Kb3 45. Qxc6 Qb1+ 46. Kh2 Qxa2 47. Qxb6+ Kc4 48. Qc5+ Kb3 49. Qc4+ 1-0

[Event "Cattolica op"]
[Site "Cattolica"]
[Date "2005.06.19"]
[Round "9"]
[White "Orsi, Lorenzo"]
[Black "Squarci, Franco"]
[Result "1-0"]
[WhiteElo "1700"]
[BlackElo "1863"]
[PlyCount "118"]
[EventDate "2005.06.11"]
[EventType "swiss"]
[EventRounds "9"]
[EventCountry "ITA"]
[SourceTitle "EXT 2007"]
[Source "ChessBase"]
[SourceDate "2006.11.23"]
[SourceVersion "1"]
[SourceVersionDate "2006.11.23"]
[SourceQuality "1"]

1. e4 c5 2. Nc3 g6 3. g3 Bg7 4. Bg2 Nc6 5. d3 d6 6. Be3 Nf6 7. h3 Nd4 8. Qd2 a6 9. Nd1 Rb8 10. c3 Ne6 11. Bh6 b5 12. Ne2 Bb7 13. 0-0 0-0 14. Bxg7 Nxg7 15. f4 c4 16. g4 e5 17. g5 Nfh5 18. f5 f6 19. fxg6 hxg6 20. gxf6 Rxf6 21. Ne3 Qb6 22. d4 Rbf8 23. Ng4 Rxf1+ 24. Rxf1 Rxf1+ 25. Kxf1 Qc7 26. Qg5 Qf7+ 27. Kg1 Kf8 28. dxe5 Ne6 29. Qh6+ Ke7 30. exd6+ Kxd6 31. e5+ Kc7 32. Bxb7 Kxb7 33. Qd2 Nhf4 34. Nxf4 Nxf4 35. Kh2 Nd3 36. Qg2+ Kb6 37. Qe2 Qf4+ 38. Kg2 Qg5 39. Kh2 Qf4+ 40. Kg2 Qf5 41. Qe3+ Kb7 42. b3 cxb3 43. axb3 Nf4+ 44. Kg3 g5 45. Qf3+ Kc7 46. b4 Nh5+ 47. Kf2 Nf4 48. Kg3 Qc2 49. Nf6 Qd3 50. Qxd3 Nxd3 51. e6 Kd8 52. Nh7 Nf4 53. Nxg5 Ne2+ 54. Kg4 Nxc3 55. h4 Nd5 56. h5 Ke7 57. h6 Kf6 58. h7 Kg7 59. Kf5 Ne7+ 1-0

[Event "Cattolica op"]
[Site "Cattolica"]
[Date "2005.06.12"]
[Round "2"]
[White "Sautto, Alessandra"]
[Black "Squarci, Franco"]
[Result "1/2-1/2"]
[WhiteElo "1968"]
[BlackElo "1863"]
[PlyCount "82"]
[EventDate "2005.06.11"]
[EventType "swiss"]
[EventRounds "9"]
[EventCountry "ITA"]
[SourceTitle "EXT 2007"]
[Source "ChessBase"]
[SourceDate "2006.11.23"]
[SourceVersion "1"]
[SourceVersionDate "2006.11.23"]
[SourceQuality "1"]

1. d4 Nf6 2. Nf3 b6 3. Nbd2 e6 4. e4 Bb7 5. Bd3 Nc6 6. c3 Be7 7. 0-0 0-0 8. e5 Nd5 9. Ne4 f5 10. exf6 Nxf6 11. Nxf6+ Bxf6 12. Bc2 Ne7 13. Qd3 g6 14. Ne5 Nf5 15. f3 Qe7 16. Qe2 c5 17. Be4 d5 18. Bxf5 exf5 19. Bd2 Rfe8 20. f4 a5 21. Rfe1 Qd6 22. Qf2 Re7 23. Rac1 a4 24. a3 c4 25. Be3 Rg7 26. Kf1 Rf8 27. Ke2 Qe7 28. g3 Qe8 29. Kd1 Qb8 30. Rg1 Bc8 31. Qd2 h6 32. h4 Kh7 33. Ke2 Qa8 34. Kf2 Be6 35. Rcd1 b5 36. Rgf1 Re7 37. Rfe1 Rg8 38. Rf1 Reg7 39. Ke1 Rc7 40. Kf2 Be7 41. Qc2 Qf8 1/2-1/2

[Event "Corsico op 29th"]
[Site "Corsico"]
[Date "2004.05.01"]
[Round "4"]
[White "Squarci, Franco"]
[Black "Cereda, Loris"]
[Result "0-1"]
[WhiteElo "1931"]
[BlackElo "2007"]
[PlyCount "148"]
[EventDate "2004.04.29"]
[EventType "swiss"]
[EventRounds "6"]
[EventCountry "ITA"]
[SourceTitle "EXT 2007"]
[Source "ChessBase"]
[SourceDate "2006.11.23"]
[SourceVersion "1"]
[SourceVersionDate "2006.11.23"]
[SourceQuality "1"]

1. d4 Nf6 2. Nf3 c6 3. Nbd2 d5 4. Ne5 Bf5 5. h4 Nbd7 6. Ndf3 Nxe5 7. Nxe5 e6 8. e3 h5 9. Bd3 Bxd3 10. Qxd3 Bd6 11. Rh3 Qc7 12. Nf3 0-0-0 13. Bd2 Kb8 14. a4 c5 15. c3 Ne4 16. Ng5 Nxg5 17. hxg5 g6 18. a5 Rc8 19. Qb5 Qc6 20. Qxc6 Rxc6 21. dxc5 Rxc5 22. Rf3 Rf8 23. Ra4 Be7 24. e4 Rc4 25. Rxc4 dxc4 26. Be3 Bd6 27. e5 Bxe5 28. Bf4 Bxf4 29. Rxf4 Kc7 30. Rxc4+ Kd6 31. f4 Re8 32. Kf2 e5 33. Re4 Kd5 34. Kf3 Re6 35. b4 exf4 36. c4+ Kd6 37. Rxf4 Re7 38. Rd4+ Kc6 39. Rf4 Kd6 40. Re4 Rc7 41. Kf4 a6 42. Ke3 Rc6 43. Kd4 Kd7 44. c5 f6 45. gxf6 Rxf6 46. Kc4 Rf2 47. Rd4+ Kc7 48. g3 Rf3 49. b5 axb5+ 50. Kxb5 Rxg3 51. Rf4 Rb3+ 52. Kc4 Rb1 53. Rf7+ Kb8 54. Rf8+ Ka7 55. Rf7 g5 56. c6 Rc1+ 57. Kb5 Rxc6 58. Rg7 g4 59. Rg5 g3 60. Rxg3 h4 61. Rg7 Rh6 62. a6 Rh5+ 63. Kc4 Kxa6 64. Rg6+ b6 65. Rg1 h3 66. Rh1 b5+ 67. Kc3 h2 68. Ra1+ Kb6 69. Rh1 Kc5 70. Kc2 Rh3 71. Kb2 Kd4 72. Kc2 Ke3 73. Kb3 Kf2+ 74. Kb4 Kg2 0-1

[Event "Aosta op 12th"]
[Site "Saint Vincent"]
[Date "2004.02.08"]
[Round "1"]
[White "Sarno, Spartaco"]
[Black "Squarci, Franco"]
[Result "1-0"]
[WhiteElo "2395"]
[BlackElo "2016"]
[PlyCount "87"]
[EventDate "2004.02.08"]
[EventType "swiss"]
[EventRounds "9"]
[EventCountry "ITA"]
[SourceTitle "CBM 098 Extra"]
[Source "ChessBase"]
[SourceDate "2004.03.10"]
[SourceVersion "2"]
[SourceVersionDate "2004.03.10"]
[SourceQuality "1"]

1. d4 e6 2. Nf3 b6 3. c4 Nf6 4. a3 Bb7 5. Nc3 Be7 6. d5 0-0 7. g3 d6 8. Bg2 e5 9. 0-0 Nbd7 10. Ne1 Ne8 11. e4 g6 12. b4 Ng7 13. Nd3 a6 14. f4 f6 15. f5 g5 16. h4 h6 17. Bf3 Qe8 18. Ra2 Qf7 19. Rh2 Kh7 20. Kg2 Rh8 21. Rfh1 g4 22. Bxg4 Kg8 23. Be3 Rh7 24. Qd2 h5 25. Bd1 Kh8 26. Ba4 Rd8 27. Rg1 Nb8 28. Kh1 Bc8 29. Qf2 Rg8 30. Qf3 Bd7 31. c5 b5 32. Bb3 Be8 33. Ra2 Qf8 34. a4 Bf7 35. axb5 axb5 36. Ra8 Qc8 37. c6 Bg6 38. Rf1 Bf7 39. Kh2 Ne8 40. Rfa1 Rhg7 41. Ne2 Rg4 42. Ba7 Ng7 43. Rxb8 Nxf5 44. Rxc8 1-0

[Event "Montecatini Terme 10th"]
[Site "Montecatini Terme"]
[Date "2004.01.30"]
[Round "9"]
[White "Squarci, Franco"]
[Black "Mrdja, Milan"]
[Result "0-1"]
[WhiteElo "2016"]
[BlackElo "2413"]
[PlyCount "76"]
[EventDate "2004.01.24"]
[EventType "tourn"]
[EventRounds "11"]
[EventCountry "ITA"]
[EventCategory "2"]
[SourceTitle "CBM 098 Extra"]
[Source "ChessBase"]
[SourceDate "2004.03.10"]
[SourceVersion "2"]
[SourceVersionDate "2004.03.10"]
[SourceQuality "1"]

1. d4 Nf6 2. c4 c5 3. d5 g6 4. Nc3 Bg7 5. e4 d6 6. Bd3 0-0 7. Nge2 e6 8. 0-0 exd5 9. cxd5 a6 10. a4 Re8 11. h3 c4 12. Bc2 Nbd7 13. Be3 Qa5 14. f4 Nc5 15. Bxc5 Qxc5+ 16. Kh1 Rb8 17. a5 Bd7 18. Rf3 b5 19. axb6 Rxb6 20. Ra2 Qc7 21. g4 Reb8 22. Qc1 Qb7 23. Re3 Rxb2 24. Ra1 Qb6 25. Rf3 Nxg4 26. hxg4 Bxg4 27. Kg2 Bxf3+ 28. Kxf3 Bxc3 29. Nxc3 Qd4 30. Ne2 R8b3+ 31. Bxb3 Rxb3+ 32. Kg2 Qxe4+ 33. Kf1 Qh1+ 34. Ng1 Rf3+ 35. Ke2 Qg2+ 36. Ke1 Qxg1+ 37. Kd2 Qf2+ 38. Kd1 Rd3+ 0-1

[Event "Arvier op 1st"]
[Site "Arvier"]
[Date "2004.01.03"]
[Round "3"]
[White "Barberi, Alessandro"]
[Black "Squarci, Franco"]
[Result "1-0"]
[WhiteElo "2132"]
[BlackElo "2016"]
[PlyCount "61"]
[EventDate "2004.01.02"]
[EventType "swiss"]
[EventRounds "7"]
[EventCountry "ITA"]
[SourceTitle "CBM 098 Extra"]
[Source "ChessBase"]
[SourceDate "2004.03.10"]
[SourceVersion "2"]
[SourceVersionDate "2004.03.10"]
[SourceQuality "1"]

1. d4 Nf6 2. c4 c6 3. Nf3 Na6 4. Nc3 e6 5. e4 Bb4 6. Bd3 d5 7. cxd5 exd5 8. e5 Ne4 9. Qc2 Bf5 10. 0-0 Bxc3 11. bxc3 Qa5 12. Ng5 Nxg5 13. Bxf5 Ne6 14. Rb1 b5 15. Be3 Nac7 16. f4 Qa3 17. Bh3 g6 18. f5 gxf5 19. Rxf5 c5 20. Bc1 Qa5 21. Be3 cxd4 22. cxd4 Qb6 23. Qf2 0-0-0 24. Rxf7 Rdf8 25. Rxf8+ Rxf8 26. Qxf8+ Kb7 27. Qd6 a5 28. Bxe6 b4 29. Bxd5+ Nxd5 30. Qxd5+ Ka6 31. Rc1 1-0

[Event "Montecatini Terme 9th"]
[Site "Montecatini Terme"]
[Date "2003.11.16"]
[Round "11"]
[White "Piscopo, Pierluigi"]
[Black "Squarci, Franco"]
[Result "1-0"]
[WhiteElo "2321"]
[BlackElo "2001"]
[PlyCount "101"]
[EventDate "2003.11.08"]
[EventType "tourn"]
[EventRounds "11"]
[EventCountry "ITA"]
[EventCategory "3"]
[SourceTitle "EXT 2004"]
[Source "ChessBase"]
[SourceDate "2003.11.25"]
[SourceVersion "1"]
[SourceVersionDate "2003.11.25"]
[SourceQuality "1"]

1. d4 d5 2. c4 Nc6 3. e3 Bf5 4. a3 Bxb1 5. Rxb1 e6 6. Nf3 Nf6 7. Qb3 Rb8 8. c5 a6 9. Qc2 Be7 10. b4 0-0 11. Bd3 g6 12. Bb2 Nd7 13. e4 Nf6 14. e5 Nh5 15. 0-0 Nf4 16. Rfe1 Nxd3 17. Qxd3 Bg5 18. Bc3 Bh6 19. Bd2 Bxd2 20. Qxd2 Ne7 21. h3 Kg7 22. Nh2 h5 23. Nf3 Nf5 24. Qf4 Rh8 25. g3 Qe7 26. Rb3 Rbg8 27. Rd3 Kf8 28. Ng5 c6 29. Rf3 Ke8 30. Rd1 Rf8 31. a4 Nh6 32. Rb1 Nf5 33. h4 Kd7 34. b5 cxb5 35. axb5 axb5 36. Rxb5 Kc7 37. Qd2 Ra8 38. Rfb3 Rhb8 39. Qb2 Kc8 40. c6 Ra7 41. Nh7 Qc7 42. Nf6 Ne7 43. Ne8 Nxc6 44. Nxc7 Kxc7 45. Rf3 Rf8 46. Qc1 Ra4 47. Qc5 Ra1+ 48. Kg2 Rd8 49. Rxf7+ Kc8 50. Rbxb7 Rg1+ 51. Kxg1 1-0

[Event "Montecatini Terme 9th"]
[Site "Montecatini Terme"]
[Date "2003.11.14"]
[Round "9"]
[White "Marzano, Carlo"]
[Black "Squarci, Franco"]
[Result "1-0"]
[WhiteElo "2225"]
[BlackElo "2001"]
[PlyCount "49"]
[EventDate "2003.11.08"]
[EventType "tourn"]
[EventRounds "11"]
[EventCountry "ITA"]
[EventCategory "3"]
[SourceTitle "EXT 2004"]
[Source "ChessBase"]
[SourceDate "2003.11.25"]
[SourceVersion "1"]
[SourceVersionDate "2003.11.25"]
[SourceQuality "1"]

1. d4 Nf6 2. Nf3 d5 3. Bg5 Ne4 4. Bf4 c6 5. Nbd2 Qa5 6. e3 Nd7 7. Be2 Ndf6 8. 0-0 Bg4 9. Nb3 Qb6 10. Ne5 Bxe2 11. Qxe2 e6 12. c4 dxc4 13. Nxc4 Qd8 14. Nba5 Qc8 15. f3 g5 16. Be5 b5 17. fxe4 bxc4 18. Bxf6 Rg8 19. Rac1 Qc7 20. Qxc4 Rc8 21. Nxc6 Bd6 22. e5 Bf8 23. Qb5 Qb6 24. Nb8+ Rc6 25. Rxc6 1-0

[Event "Genova op"]
[Site "Genova"]
[Date "2001.11.22"]
[Round "4"]
[White "Squarci, Franco"]
[Black "Nelli, Luca"]
[Result "0-1"]
[WhiteElo "2037"]
[BlackElo "2207"]
[PlyCount "58"]
[EventDate "2001.11.19"]
[EventType "swiss"]
[EventRounds "9"]
[EventCountry "ITA"]
[SourceTitle "CBM 085 Extra"]
[Source "ChessBase"]
[SourceDate "2002.01.21"]
[SourceVersion "1"]
[SourceVersionDate "2002.01.21"]
[SourceQuality "1"]

1. d4 Nf6 2. Nf3 c5 3. c3 b6 4. g3 Bb7 5. Bg2 g6 6. 0-0 Bg7 7. Nbd2 Qc7 8. Re1 cxd4 9. cxd4 Na6 10. a3 Rc8 11. e3 0-0 12. Nb1 Ne4 13. Bd2 Qc2 14. Qxc2 Rxc2 15. b4 Rfc8 16. Rd1 Bd5 17. Be1 Rb2 18. Nbd2 Nc3 19. Bf1 Bb7 20. Rdc1 b5 21. Bd3 d6 22. Kf1 d5 23. Ng1 e5 24. dxe5 Bxe5 25. Ndf3 Bf6 26. Nd4 Bxd4 27. exd4 Ne4 28. Rxc8+ Bxc8 29. Bxe4 dxe4 0-1